Vplyv zmeny klímy na kvalitu prírodného prostredia tokov
Salvato in:
| Autore principale: | |
|---|---|
| Altri autori: | |
| Natura: | Manoscritto Libro |
| Lingua: | slovacco |
| Pubblicazione: |
2024
|
| Soggetti: | |
| Accesso online: | http://is.stuba.sk/zp/portal_zp.pl?podrobnosti=167815 https://opac.crzp.sk/?fn=detailBiblioForm&sid=F0082B7A009D1614BCC21EB883AC |
| Tags: |
Nessun Tag, puoi essere il primo ad aggiungerne!!
|
MARC
| LEADER | 00000ntm a22000003a 4500 | ||
|---|---|---|---|
| 001 | stuzp99810 | ||
| 003 | SK-STU | ||
| 005 | 20240925102019.9 | ||
| 007 | ta | ||
| 008 | 150427s2015----xo-----f-mn---000-0-slo-d | ||
| 040 | |a STU |b slo | ||
| 041 | 0 | |a slo | |
| 100 | 1 | |a Marek, Dominik |u 010160 |4 aut |U SvF Stavebná fakulta |T SvF Katedra vodného hospodárstva krajiny |X 115180 |U V160 |Y 16 |7 115180 | |
| 242 | 0 | 1 | |a Impact of Climate Change on the Quality of Natural Environment of Rivers |y eng |
| 245 | 1 | 0 | |a Vplyv zmeny klímy na kvalitu prírodného prostredia tokov |
| 260 | |c 2024 | ||
| 650 | 4 | |a Klimatický model ALADIN-Climate |2 slo | |
| 650 | 4 | |a Zmena klímy |2 slo | |
| 650 | 4 | |a Klimatické scenáre |2 slo | |
| 650 | 4 | |a Akvatický habitat |2 slo | |
| 650 | 4 | |a Climate change |2 eng | |
| 650 | 4 | |a Climate model ALADIN-Climate |2 eng | |
| 650 | 4 | |a Aquatic habitats |2 eng | |
| 650 | 4 | |a Climate scenarios |2 eng | |
| 700 | 1 | |a Štefunková, Zuzana |u 010160 |k Z1 |4 ths |U SvF Stavebná fakulta |T SvF Katedra vodného hospodárstva krajiny |X 12513 |U V160 |Y 16 |7 A000012513 | |
| 856 | 4 | |u http://is.stuba.sk/zp/portal_zp.pl?podrobnosti=167815 | |
| 856 | 4 | |u https://opac.crzp.sk/?fn=detailBiblioForm&sid=F0082B7A009D1614BCC21EB883AC | |